|
|
|
|
| LEADER |
02245cas a2200301 a 4500 |
| 001 |
AALejournalIMF020455 |
| 008 |
230101c9999 xx r poo 0 0eng d |
| 020 |
|
|
|c 5.00 USD
|
| 020 |
|
|
|z 9781498344203
|
| 022 |
|
|
|a 2663-3493
|
| 040 |
|
|
|a BD-DhAAL
|c BD-DhAAL
|
| 110 |
2 |
|
|a International Monetary Fund.
|
| 245 |
1 |
0 |
|a Implementation Plan in Response to the Board-Endorsed Recommendations for the IEO Evaluation of IMF Forecasts :
|b Process, Quality, and Country Perspective.
|
| 264 |
|
1 |
|a Washington, D.C. :
|b International Monetary Fund,
|c 2015.
|
| 300 |
|
|
|a 1 online resource (12 pages)
|
| 490 |
1 |
|
|a Policy Papers
|
| 500 |
|
|
|a <strong>Off-Campus Access:</strong> No User ID or Password Required
|
| 500 |
|
|
|a <strong>On-Campus Access:</strong> No User ID or Password Required
|
| 506 |
|
|
|a Electronic access restricted to authorized BRAC University faculty, staff and students
|
| 520 |
3 |
|
|a This paper sets out Management's response to the Independent Evaluation Office's (IEO) evaluation of IMF Forecasts: Process, Quality, and Country Perspectives. The implementation plan proposes specific actions to address the five recommendations that received broad support from the Executive Board, namely (i) maintaining the practice of commissioning external evaluations of IMF forecasts, (ii) enhancing the processes and incentives for learning from past forecast performance, (iii) extending guidance to desk economists on forecasting methodologies, (iv) publishing a description of the WEO forecasting process, and (iv) improving the public availability of data related to forecasts and outturns. Several of the proposed actions to address the Board-endorsed IEO recommendations have already been implemented following the Board discussion, while the implementation of some other actions is underway. This paper also explains how implementation will be monitored.
|
| 538 |
|
|
|a Mode of access: Internet
|
| 650 |
|
7 |
|a Country Desk
|2 imf
|
| 650 |
|
7 |
|a Country
|2 imf
|
| 650 |
|
7 |
|a Desk Economist
|2 imf
|
| 650 |
|
7 |
|a IEO Evaluation
|2 imf
|
| 650 |
|
7 |
|a PP
|2 imf
|
| 830 |
|
0 |
|a Policy Papers; Policy Paper ;
|v No. 2015/052
|
| 856 |
4 |
0 |
|z Full text available on IMF
|u http://elibrary.imf.org/view/journals/007/2015/052/007.2015.issue-052-en.xml
|z IMF e-Library
|